| 000 | 00470nam a2200181 a 4500 | ||
|---|---|---|---|
| 001 | 5478 | ||
| 003 | CO-ViMGA | ||
| 008 | 141112s2004 ck r 000 u spa d | ||
| 040 |
_aCO-ViMGA _bspa _cCO-ViMGA |
||
| 082 | 0 | 4 | _a509 S114 |
| 100 | 1 |
_aSabino, Carlos _93771 |
|
| 245 | 1 | 0 | _aLos caminos de la ciencia |
| 260 |
_aSantafé de Bogotá : _bPanAméricana, _c1996 |
||
| 300 | _a319 p | ||
| 590 | _aEjemplares : 2 | ||
| 650 | 1 | 4 |
_aCIENCIA - HISTORIA _93772 |
| 942 |
_2ddc _cBK |
||
| 999 |
_c17463 _d17463 |
||